Geothermal energy : utilization, technology and financing
Guardat en:
| Autor principal: | |
|---|---|
| Format: | Llibre |
| Idioma: | anglès |
| Publicat: |
CRC Press
2022.
|
| Etiquetes: |
Afegir etiqueta
Sense etiquetes, Sigues el primer a etiquetar aquest registre!
|
MARC
| LEADER | 00000nam a22000007a 4500 | ||
|---|---|---|---|
| 008 | 240611b |||||||| |||| 00| 0 eng d | ||
| 020 | |a 9781032069470 | ||
| 100 | |a YADAV, Kriti |a Sircar, Anirbid |a Yadav, Apurwa | ||
| 245 | |a Geothermal energy |b : utilization, technology and financing |c / Kriti Yadav, Anirbid Sircar, Apurwa Yadav. |g xxiv,194p;ill | ||
| 260 | |b CRC Press |c 2022. |h Boca Raton, FL |i 702435 |i 702436 |l GB1199.5.Ya1 |m Geothermal resources. |m Geothermal engineering | ||
| 500 | |a Includes bibliographical references and index. | ||
| 942 | |a lcc |c BK |e JOHNSON |f 11/06/24 | ||
| 952 | |0 0 |1 0 |2 lcc |4 0 |6 GB11995 Y A1 |7 0 |9 5302 |a TL |b HOL |c GJ |d 2024-06-11 |l 0 |o GB1199.5.Ya1 |p 2024-0545 |r 2024-06-11 00:00:00 |t 702435 |w 2024-06-11 |y BK | ||
| 952 | |0 0 |1 0 |2 lcc |4 0 |6 GB11995 Y A1 |7 0 |9 5303 |a HOL |b HOL |c GJ |d 2024-06-11 |l 0 |o GB1199.5.Ya1 |p 2024-0546 |r 2024-06-11 00:00:00 |t 702436 |w 2024-06-11 |y BK | ||
| 999 | |c 2627 |d 2627 | ||